Central Library OPAC University of Rajshahi

The Cambridge economic history of India / (Record no. 20364)

MARC details
000 -LEADER
fixed length control field 01200nam a2200301 a 4500
001 - CONTROL NUMBER
control field 20364
003 - CONTROL NUMBER IDENTIFIER
rucl marc code BD-RjUL
005 - DATE AND TIME OF LATEST TRANSACTION
control field 20211209000545.0
008 - FIXED-LENGTH DATA ELEMENTS--GENERAL INFORMATION
fixed length control field 190225s1984 ii a b 001 0 eng d
035 ## - SYSTEM CONTROL NUMBER
System control number (BD-RjUL)20426
040 ## - CATALOGING SOURCE
Original cataloging agency DLC
Transcribing agency DLC
Modifying agency DLC
-- BD-RjUL
Language of cataloging eng
041 ## - LANGUAGE CODE
Language code of text/sound track or separate title eng
082 00 - DEWEY DECIMAL CLASSIFICATION NUMBER
Classification number 330.954
Author mark and year CAM V-1-2 1984
245 04 - TITLE STATEMENT
Title The Cambridge economic history of India /
Statement of responsibility, etc. General editors: Dharma Kumar and Tapan Raychaudhuri
250 ## - EDITION STATEMENT
Edition statement Orient Longman ed. , Indian Reprint ed.
260 ## - PUBLICATION, DISTRIBUTION, ETC. (IMPRINT)
Place of publication, distribution, etc. Hyderabad:
-- Orient Longman Ltd. ,
Name of publisher, distributor, etc. 1984
300 ## - PHYSICAL DESCRIPTION
Pagination 2 v. :
Illustrations ill. ;
Size 24 cm.
500 ## - GENERAL NOTE
General note "For sale only India, Nepal and Bhutan"
504 ## - BIBLIOGRAPHY, ETC. NOTE
Bibliography, etc Includes bibliography and Index
505 0# - FORMATTED CONTENTS NOTE
Formatted contents note Vol. 1: c.1200-c.1750 / edited by Tapan Raychaudhuri and Irfan Habib -- v. 2 : c.1757-c.1970 / edited by Dharma Kumar with the editorial assistance of Meghnad Desai.
651 #0 - SUBJECT ADDED ENTRY--GEOGRAPHIC NAME
Geographic name India
General subdivision Economic conditions.
9 (RLIN) 62783
Chronological subdivision c. 1200 - c. 1970
700 1# - ADDED ENTRY--PERSONAL NAME
Personal name Kumar, Dharma, Gen. ed.
Personal name Raychaudhuri, Tapan, jt. Gen. ed.
Personal name Habib, Irfan, ed.
Dates associated with a name 1931-
Personal name Desai, Meghnad , Asst.. ed.
942 ## - ADDED ENTRY ELEMENTS (KOHA)
Source of classification or shelving scheme Dewey Decimal Classification
Koha item type Books
Holdings
Lost status Source of classification or shelving scheme Damaged status Not for loan Collection code Permanent Location Current Location Shelving location Date acquired Source of acquisition Cost, normal purchase price Total Checkouts Full call number Date last seen Copy number Koha item type
  Dewey Decimal Classification     Non-fiction Central Library, University of Rajshahi Central Library, University of Rajshahi   18/08/1985 Tulip 40.00   330.954 CAM V-1 1984 27/02/2014 C-3 Books
  Dewey Decimal Classification     Non-fiction Central Library, University of Rajshahi Central Library, University of Rajshahi   16/11/1966 A.I.Qurishi 7.20   330.954 CAM V-2 1984 02/08/2016 C-2 Books
  Dewey Decimal Classification     Non-fiction Central Library, University of Rajshahi Central Library, University of Rajshahi   18/08/1985 Tulip Enterprise, co. 60.00   330.954 CAM V-2 1984 06/09/2016 C-3 Books
  Dewey Decimal Classification   Not For Loan Rare Books Central Library, University of Rajshahi Central Library, University of Rajshahi Rare Book Section 18/08/1985 Tulip 40.00   RA 330.954 CAM V-1 1984 17/12/2016 C-1 Rare Books
  Dewey Decimal Classification     Non-fiction Central Library, University of Rajshahi Central Library, University of Rajshahi   18/08/1985 Tulip 40.00   330.954 CAM V-1 1984 25/02/2019 C-2 Books
  Dewey Decimal Classification   Not For Loan Rare Books Central Library, University of Rajshahi Central Library, University of Rajshahi Rare Book Section 18/08/1985 Tulip 60.00   RA 330.954 CAM V-2 1984 25/02/2019 C-1 Rare Books